National Standards for Community Service Orders: the first two years of operation

Saved in:  
Bibliographic Details
Main Author: Lloyd, Charles (Author)
Format: Print Article
Language:English
Published: 1991
In: Research bulletin / Home Office, Research and Statistics Department. Publ. by Home Office, Research and Planning Unit
Year: 1991, Volume: 31, Pages: 16-21
Check availability: HBZ Gateway
Keywords:

MARC

LEADER 00000caa a22000002c 4500
001 1640138889
003 DE-627
005 20220608131226.0
007 tu
008 160223s1991 xx ||||| 00| ||eng c
035 |a (DE-627)1640138889 
035 |a (DE-576)456061517 
035 |a (DE-599)BSZ456061517 
040 |a DE-627  |b ger  |c DE-627  |e rakwb 
041 |a eng 
100 1 |a Lloyd, Charles  |4 aut 
245 1 0 |a National Standards for Community Service Orders: the first two years of operation  |c Charles Lloyd 
264 1 |c 1991 
336 |a Text  |b txt  |2 rdacontent 
337 |a ohne Hilfsmittel zu benutzen  |b n  |2 rdamedia 
338 |a Band  |b nc  |2 rdacarrier 
773 0 8 |i In  |a Großbritannien. Home Office. Research and Statistics Department  |t Research bulletin / Home Office, Research and Statistics Department. Publ. by Home Office, Research and Planning Unit  |d London : Research and Planning Unit, 1990  |g 31(1991), Seite 16-21  |w (DE-627)171331435  |w (DE-600)1178352-7  |w (DE-576)038874083  |x 0962-0478 (ab Nr. 31.1991)  |7 nnas 
773 1 8 |g volume:31  |g year:1991  |g pages:16-21 
935 |a mkri 
951 |a AR 
ELC |b 1 
LOK |0 000 xxxxxcx a22 zn 4500 
LOK |0 001 3301499104 
LOK |0 003 DE-627 
LOK |0 004 1640138889 
LOK |0 005 20260114155043 
LOK |0 008 160208||||||||||||||||ger||||||| 
LOK |0 040   |a DE-21-110  |c DE-627  |d DE-21-110 
LOK |0 689   |a s  |a Bewährungsauflage 
LOK |0 689   |a g  |a England 
LOK |0 689   |a s  |a Gemeinnützige Arbeit 
LOK |0 852   |a DE-21-110 
LOK |0 852 1  |m p  |9 00 
LOK |0 935   |a k110 
LOK |0 938   |k p 
LOK |0 939   |a 08-02-16  |b l01 
ORI |a SA-MARC-krimdoka001.raw